000 00894cab a2200277 4500
001 WB3422-16
008 090401t1998 xxu||||| |||| 00| 0 eng d
035 _a(Sirsi) u86708
041 _aeng
245 _aUS banks in the European market
260 _c1998
350 _a0
490 _aProperty Week
_v63(8) 5 June 1998, 1(1)
520 _aUS investment banks Morgan Stanley, JP Morgan and Lehman Brothers are embarking on an aggressive multi-billion-pound European property debt-financing programme to rival the German banks.
650 _aDEBT FINANCING
650 _aGERMAN BANKS
650 _aINVESTMENT BANKS
650 _aJP MORGAN
650 _aLEHMAN BROTHERS
650 _aMORGAN STANLEY
650 _aPROPERTY FINANCE
650 _aUSA
690 _aPROPERTY-COMMERCIAL PROPERTY-COMMERCIAL PROPERTY FINANCE AND INVESTMENT
942 _n0
948 _c09/06/1998
999 _c54599
_d54599